000 00876cam a2200265u 4500
001 6146231
003 BD-DhUL
005 20161117180424.0
008 821119s1950 nyua 100 0 eng
010 _a 67120938
040 _aDLC
_cBD-DhUL
_dDLC
082 _a157
_bREF
111 2 _aMooseheart Symposium on Feelings and Emotions,
_cMooseheart and University of Chicago,
_d1948. [from old catalog]
245 1 0 _aFeelings and emotions /
_cedited by Martin L. Reymert
250 _a1st ed.
260 _aNew York :
_bMcGraw-Hill,
_c1950.
300 _axxiii, 603 p. :
_billus. ;
_c23 cm.
500 _aIncludes index.
650 0 _aEmotions
_vCongresses.
700 1 _aReymert, Martin L.
_q(Martin Luther),
_d1883-1953.
710 1 _aMooseheart (Ill.)
710 2 _aUniversity of Chicago.
906 _a0
_bcbc
_cpremunv
_du
_encip
_f19
_gy-gencatlg
942 _2ddc
_cBK
999 _c125482
_d125482